| 000 | 01021nam a22002891 4500 | ||
|---|---|---|---|
| 001 | 3588566 | ||
| 003 | EG-ScBUE | ||
| 005 | 20250317093901.0 | ||
| 008 | 840112t1965 enka f 001 0 eng d | ||
| 040 |
_aEG-ScBUE _beng _erda _cEG-ScBUE _dEG-ScBUE |
||
| 082 | 0 | 4 |
_a530.1 _222 _bBRA |
| 100 | 1 |
_aBraddick, H. J. J., _q(Henry John James) _97154 _eauthor. |
|
| 245 | 1 | 0 |
_aVibrations, waves and diffraction / _cH. J. J. Braddick, B.A., Ph.D., reader in physics and assistant director of physical laboratories, university of Manchester. |
| 264 | 1 |
_aLondon : _bMcGraw-Hill Publishing Company Limited, _c[1965] |
|
| 264 | 4 | _cc1965 | |
| 300 |
_ax, 217 pages : _billustrations ; _c23 cm |
||
| 336 |
_2rdacontent _atext _btxt |
||
| 337 |
_aunmediated _2rdamedia _bn |
||
| 338 |
_avolume _bnc _2rdacarrier |
||
| 500 | _aIncludes index. | ||
| 500 | _aIncludes appendix. | ||
| 650 | 7 |
_aVibration. _97155 _2BUEsh |
|
| 650 | 7 |
_aDiffraction. _97157 _2BUEsh |
|
| 650 | 7 |
_97156 _aWaves. _2BUEsh |
|
| 655 | _vReading book | ||
| 942 |
_2ddc _cBB |
||
| 999 |
_c12091 _d12091 |
||